000 00919cam a2200229 4500
001 WB3815-10
008 020424n2002 000 0 eng u
035 _a(Sirsi) u117663
245 _aLondon rent decline slows
260 _c2002
490 _aEstates Gazette
_v(0216) 20 April 2002, 30(1)
520 _aAccording to a report "London View" due to be published next week by Cluttons, central London rents have fallen for the sixth month in succession. The report shows that the rate of negative rental growth has slowed from 5.4% in the three months to 1 December , to 2.3%. Rental values are now 5.2% lower than this time a year ago.
590 _aWB
650 _aCENTRAL LONDON
650 _aRENTS
650 _aPROPERTY-COMMERCIAL PROPERTY
650 _aRENTAL GROWTH
650 _aCLUTTONS
650 _aLETTINGS
690 _aPROPERTY-COMMERCIAL PROPERTY-COMMERCIAL PROPERTY MARKET
942 _n0
999 _c70063
_d70063